Score 0/60 Timer 08:00
32 Plays Today
% Correct
Popeye
92.9%
Buzz Lightyear
92.4%
Steve Jobs
92.2%
Martin Luther King, Jr.
91.2%
Lance Armstrong
91%
Stephen Hawking
90.2%
Rosa Parks
90.2%
Mike Tyson
89.9%
Miss Piggy
89.5%
Donald Trump
88.9%
Usain Bolt
88.1%
Hugh Hefner
87.7%
Ebenezer Scrooge
87.2%
Michael J. Fox
87.2%
Miley Cyrus
86.2%
Janet Jackson
86.2%
Mick Jagger
85.9%
Courteney Cox
85.8%
Evel Knievel
85.4%
Sarah Palin
85.4%
Ashton Kutcher
84.7%
Christopher Reeve
83.4%
Mr. T
83.4%
William Shatner
83.2%
Bill Nye
83.1%
Eeyore
81.7%
Salvador Dalí
81.2%
Wayne Gretzky
80.6%
Pink Panther
80%
Gene Simmons
79.3%
% Correct
Oscar Pistorius
79.2%
David Blaine
78.7%
Tina Fey
78.6%
George Foreman
78.3%
Walter White
78.2%
Edward Snowden
77.3%
Dennis Rodman
76.9%
Lou Gehrig
76.1%
Tim Tebow
75.8%
J.D. Salinger
75.3%
Chaz Bono
75%
Bart Simpson
74.8%
Shaun White
74.5%
Grace Kelly
74.3%
Liberace
74%
Yuri Gagarin
73.5%
Kenny G
72.1%
Don King
71.2%
Julia Child
70.7%
Pig-Pen
70.5%
Dick Clark
70.2%
John Cleese
69.1%
Idi Amin
68.9%
Miles Davis
67.7%
Richard Simmons
67.3%
Jimmy Hoffa
67.1%
George Carlin
66.4%
Gabrielle Giffords
63%
Mel Blanc
62.7%
Florence Joyner
61.5%

You're not logged in!

Compare scores with friends on all Sporcle quizzes.
OR
Log In

Sporcle TV

Today on Sporcle TV


Watch our educational content, quiz creation guides, and fun videos on Sporcle TV.

Show Comments

Extras

Top Quizzes Today


Score Distribution

Paid Content

Your Account Isn't Verified!

In order to create a playlist on Sporcle, you need to verify the email address you used during registration. Go to your Sporcle Settings to finish the process.

Report this User

Report this user for behavior that violates our Community Guidelines.

Details: